Vo vode rozpustné obsahové látky z rebríčka obyčajného (Achillea millefolium L.)

Gespeichert in:
Bibliographische Detailangaben
1. Verfasser: Janšáková, Zuzana
Format: Buch
Sprache:Slowakisch
Veröffentlicht: Bratislava STU FCHPT 2012
Online-Zugang:Im OPAC anzeigen
Tags: Tag hinzufügen
Keine Tags, Fügen Sie das erste Tag hinzu!

MARC

LEADER 00000nam a2200000 a 4500
005 20260127133940.0
008 120620 2012 xo 000 0 slo d
035 |a vtls010431168 
039 9 |a 201207100751  |b mschk03  |y 201206201219  |z mschk03 
040 |a STUSCHK1  |b slo  |c STUSCHK1  |e AACR2 
100 1 |a Janšáková, Zuzana 
245 1 |a Vo vode rozpustné obsahové látky z rebríčka obyčajného (Achillea millefolium L.)  |c Zuzana Janšáková 
260 |a Bratislava  |b STU FCHPT  |c 2012 
300 |a 58 s.  |b il.  |c 30cm 
500 |a Obháj.: 4.6. 201 
500 |a Študijný program: výživa a ochrana zdravia 
500 |a Študijný odbor: 5.2.24 potravinárstvo 
500 |a Miesto vypracovania: Oddelenie výživy a hodnotenia potravín, FCHPT 
500 |a Evidenčné číslo: FCHPT-5465-50173 
500 |a Diplomová práca 
910 |a SCHK95 
999 |c 672  |d 672